[Event "ESP-ch U18"]
[Site "Salobrena"]
[Date "2020.08.21"]
[Round "8"]
[White "Vinals Del Campo, Hugo"]
[Black "Lorente Serrano, Rosa Adela"]
[Result "1/2-1/2"]
[WhiteElo "1949"]
[BlackElo "1872"]
[PlyCount "62"]
[EventDate "2020.08.17"]
[EventType "swiss"]
[EventRounds "9"]
[EventCountry "ESP"]
[SourceTitle "CBM 197 Extra"]
[Source "ChessBase"]
[SourceDate "2020.09.30"]
[SourceVersion "1"]
[SourceVersionDate "2020.09.30"]
[SourceQuality "1"]

1. e4 c5 2. Ne2 d6 3. g3 g6 4. Bg2 Bg7 5. c3 e6 6. d4 cxd4 7. cxd4 Ne7 8. Nbc3 0-0 9. 0-0 Nbc6 10. Bg5 h6 11. Bxe7 Nxe7 12. Qd2 a6 13. a4 Nc6 14. Rfd1 Na5 15. Qd3 Qb6 16. b4 Qxb4 17. Rdb1 Qc4 18. Qxc4 Nxc4 19. a5 e5 20. d5 f5 21. Ra2 Rf7 22. Rb4 Rc7 23. Raa4 Nd2 24. exf5 gxf5 25. Ra2 Nc4 26. Raa4 Nd2 27. Ra2 Nc4 28. Raa4 Nd2 29. Ra2 Nc4 30. Raa4 Nd2 31. Ra2 Nc4 1/2-1/2

[Event "ESP-ch U18"]
[Site "Salobrena"]
[Date "2020.08.17"]
[Round "2"]
[White "Vinals Del Campo, Hugo"]
[Black "Malon Insausti, Andres"]
[Result "0-1"]
[WhiteElo "1949"]
[BlackElo "2124"]
[PlyCount "74"]
[EventDate "2020.08.17"]
[EventType "swiss"]
[EventRounds "9"]
[EventCountry "ESP"]
[SourceTitle "CBM 197 Extra"]
[Source "ChessBase"]
[SourceDate "2020.09.30"]
[SourceVersion "1"]
[SourceVersionDate "2020.09.30"]
[SourceQuality "1"]

1. e4 c5 2. Nf3 e6 3. c4 Nc6 4. Nc3 Nf6 5. Be2 d6 6. 0-0 Be7 7. d4 cxd4 8. Nxd4 0-0 9. Be3 Bd7 10. Qd2 Nxd4 11. Bxd4 Bc6 12. f3 Qd7 13. b4 b6 14. Rac1 Rfd8 15. Rfd1 Rac8 16. Kh1 Bf8 17. Be3 Qe7 18. Bg5 Qe8 19. Qe3 Be7 20. a4 h6 21. Bxf6 Bxf6 22. Nb5 Qe7 23. a5 a6 24. Nd4 bxa5 25. bxa5 Be8 26. Qa3 Be5 27. Rb1 Qh4 28. f4 Qxf4 29. Nf3 Bc6 30. Nxe5 Qxe5 31. Bf3 Bxe4 32. Rb6 Bxf3 33. Qxf3 Qxa5 34. Rbxd6 Rxd6 35. Rxd6 Rxc4 36. Rd1 Qb6 37. Qd3 Qc7 0-1